000 00349nam a22001217a 4500
003 OSt
008 150321b xxu||||| |||| 00| 0 eng d
100 1 _aBabcock, W.L.
041 _aeng
245 1 0 _aSupplementary mail markings : New York City, Chicago, San Francisco, San Juan P.R., Honolulu
260 _aDetroit, MI
_bby the author,
300 _a0 pages
999 _c1070
_d1070